000 00466nam a2200181Ia 4500
003 GCL
008 140319s9999 xx 000 0 aRus d
040 _aGCL /
_cGCL
082 0 4 _a860
_bH E
100 1 _aHESSE, HERMANN
245 1 0 _aESCRITOS SOBRA LITERATURE, 2 /
_cHESSE, HERMANN
260 _a[S.N] :
_bA LIANZA EDITORIAL ،
_c1984
300 _a663 P
650 0 4 _aLITERATURE
650 0 4 _aSPANISH LITERATURE
650 0 4 _aLITERARY FORM
942 _2ddc
_cBK
999 _c23948
_d23948